Mutiara taman adabi : sebuah puisi mengenai agama, filsafat dan masyarakat

Bibliographic Details
Main Author: Wan Mohd Nor Wan Daud
Corporate Author: Title
Format: Book
Published: Kelantan : Dian Darulnaim , 2003
Subjects:

MARC

LEADER 00000cam a2200000 7i4500
001 0000013000
005 20080107.0
008 080107
020 |a 9834019041 
090 0 0 |a 899.2313   |b WAN 
100 0 |a Wan Mohd Nor Wan Daud 
245 1 0 |a Mutiara taman adabi :   |b sebuah puisi mengenai agama, filsafat dan masyarakat   |c Wan Mohd Nor Wan Daud 
260 |a Kelantan :   |b Dian Darulnaim ,   |c 2003 
630 1 0 |a Sajak 
650 0 |a Malay poetry 
710 0 |a Title 
999 |a 0001008932   |b Book   |c Adult Collection   |e Perbadanan Perpustakaan Awam Johor 
999 |a 0001008933   |b Book   |c Adult Collection   |e Perbadanan Perpustakaan Awam Johor 
999 |a 0001008934   |b Book   |c Adult Collection   |e Perbadanan Perpustakaan Awam Johor